000 00350nam a2200145Ia 4500
005 20251222143242.0
008 251222s9999||||xx |||||||||||||| ||spa||
020 _a8484320456
082 _a610/L88
100 _aLópez Piñero, J. M.
245 0 _aIntroducción a la Medicina
250 _a1ra. ed.
264 _bEditorial Crítica
942 _cLIB
999 _c14614
_d14614